Maggior numero di apparizioni nella Squadra dell'anno UEFA - Statistics

Statistiche generali
  • Questo quiz è stato fatto 14 volte
  • Il punteggio medio è 13 su 16
Statistiche sulle risposte
Numero apparizioni Edizioni apparizioni Nazione Squadra Calciatore % Corretto
15 2004; 2007; 2008; 2009; 2010; 2011; 2012; 2013; 2014; 2015; 2016; 2017; 2018; 2019; 2020 Portogallo Manchester United / Real Madrid / Juventus Cristiano Ronaldo
100%
12 2008; 2009; 2010; 2011; 2012; 2014; 2015; 2016; 2017; 2018; 2019; 2020 Argentina Barcellona Lionel Messi
100%
4 2007; 2009; 2013; 2014 Svezia Inter / Barcellona / Paris Saint-Germain Zlatan Ibrahimović
100%
5 2003; 2004; 2006; 2016; 2017 Italia Juventus Gianluigi Buffon
93%
9 2008; 2012; 2013; 2014; 2015; 2016; 2017; 2018; 2020 Spagna Real Madrid Sergio Ramos
93%
5 2008; 2009; 2010; 2011; 2012 Spagna Barcellona Xavi
86%
4 2002; 2003; 2004; 2007 Italia Lazio / Milan Alessandro Nesta
79%
6 2009; 2010; 2011; 2012; 2015; 2016 Spagna Barcellona Andrés Iniesta
79%
5 2001; 2002; 2003; 2004; 2006 Francia Arsenal Thierry Henry
79%
5 2007; 2009; 2011; 2015, 2017 Brasile Barcellona / Juventus Dani Alves
71%
5 2010; 2011; 2012; 2015; 2016 Spagna Barcellona Gerard Piqué
71%
4 2005; 2007; 2008; 2009 Inghilterra Chelsea John Terry
71%
4 2013; 2014; 2015; 2020 Germania Bayern Monaco Manuel Neuer
71%
5 2006; 2008; 2012; 2013; 2014 Germania Bayern Monaco Philipp Lahm
71%
6 2002; 2005; 2006; 2008; 2009; 2010 Spagna Barcellona Carles Puyol
64%
6 2007; 2008; 2009; 2010; 2011; 2012 Spagna Real Madrid Iker Casillas
64%
Nessun quiz corrispondente trovato
Distribuzione punteggi
Percentuale di utenti per punteggio
Percentile per numero di risposta
I tuoi punteggi nel tempo
Non hai fatto questo quiz